El porvenir del hombre

Збережено в:
Бібліографічні деталі
Автор: Teilhard de Chardin, Pierre (Автор)
Формат: Книга
Мова:Іспанська
Опубліковано: Madrid Taurus 1965
Редагування:3a. ed
Предмети:
Теги: Додати тег
Немає тегів, Будьте першим, хто поставить тег для цього запису!

MARC

LEADER 00000nam a2200000 a 4500
001 UCV8614
003 CL-VaPUC
008 911024e19650000SP |||||||||||||||||spa|d
082 0 4 |a 215.72  |b TEI  |2 21 
100 0 |a Teilhard de Chardin, Pierre  |e author  |9 302646 
245 1 3 |a El porvenir del hombre 
250 |a 3a. ed 
300 |a 384 p 
942 |c BK 
945 |d 19911024 00:00:00 
260 |a Madrid  |b Taurus  |c 1965 
650 0 |a Antropología filosófica  |9 265842 
650 0 |a Evolución humana   |9 266935 
583 |a last modification  |c 19911024 00:00:00  |k Rodrigo Vera 
999 |c 214102  |d 214100 
952 |0 0  |1 0  |4 0  |6 215_720000000000000_TEI_1965  |7 0  |8 P  |9 197166  |a BIBARQ  |b BIBARQ  |d 2019-11-14  |i 2648768  |o 215.72 TEI 1965  |p 2648768  |r 2025-01-20  |w 2019-11-14  |y BK  |k ARQ 
952 |0 0  |1 2  |4 0  |6 215_720000000000000_TEI_1965  |7 0  |8 A  |9 197167  |a BIBTEO  |b BIBTEO  |d 2019-11-14  |i 2022486  |o 215.72 TEI 1965  |p 2022486  |r 2019-11-14  |w 2019-11-14  |x Descarte 2019  |y BK  |k ICR 
952 |0 0  |1 0  |4 0  |6 215_720000000000000_TEI_1965  |7 0  |8 A  |9 197168  |a BIBHIS  |b BIBHIS  |d 2019-11-14  |i 1365568  |o 215.72 TEI 1965  |p 1365568  |r 2025-01-20  |w 2019-11-14  |y BK  |k HIS